Visualizzazione normale
Vista MARC
- Chaplin Charlie (Charlot)
di Personal Name
Records bibliografici associati: 1
001 - CONTROL NUMBER
- control field: 49611
003 - CONTROL NUMBER IDENTIFIER
- control field: IT-RoPau
005 - DATE AND TIME OF LATEST TRANSACTION
- control field: 20151202093130.0
008 - FIXED-LENGTH DATA ELEMENTS
- fixed length control field: 151202|| aca||aabn | a|a d
040 ## - CATALOGING SOURCE
- Original cataloging agency: IT-RoPau
- Transcribing agency: IT-RoPau
100 ## - HEADING--PERSONAL NAME
- Personal name: Chaplin Charlie (Charlot)
- Relator term: (regista)
- Miscellaneous information: Codice regista SPICS: 8134
670 ## - SOURCE DATA FOUND
- Source citation: Work cat.: (IT-RoPau)106949: Chaplin Charlie (Charlot) Codice regista SPICS: 8134 49608, ALLEGRO MONDO DI CHARLOT (L') ALLEGRO MONDO DI CHARLOT (L') (Rif. Codice opera principale : V0898)